000 00701nam a2200181Ii 4500
003 JO-AjNU
008 230605s9999||||xx |||||||||||||| ||und||
040 _aJO-AjNU
_bara
_erda
_cJO-AjNU
041 _aara
050 1 4 _aP40.B360 1984
100 3 _aماهر البقري,أحمد تأليف,
_eauthor
_914129
245 0 0 _aاللغة والمجتمع
264 3 1 _aالاسكندرية:مؤسسة شباب الجامعة للطباعة والنشر والتوزيع,1983
336 _atext
_btxt
_2rdacontent
337 _aunmediated
_bn
_2rdamedia
338 _avolume
_bnc
_2rdacarrier
650 4 _aاللغة العربية-ألفاظ-معايير وإستعمال-اللغة والمجتمع
_914130
999 _aA3695
_c7263
_d7263